000 00820nam a2200265 a 4500
001 000030316
003 DO-SdBNP
005 20240715094159.0
007 ta
008 110509s1944 dr 000 0 spa d
040 _aDO-SdBNP
_bspa
_cBNPHU
_erda
049 _aBNPD
082 _bI46n
_222
100 1 _aIngenieros, H. Thomasset
_eautor
_956983
245 1 0 _aNoticia sobre la común de San Cristóbal provincia de Santo Domingo República Dominicana /
_cH. Thomasset Ingenieros.
264 _aCiudad Trujillo :
_bLa Nación,
_c1944.
300 _a53 páginas ;
_c24 p.
336 _2rdacontent
_atexto
_btxt
337 _2rdamedia
_asin mediación
_bn
338 _2rdacarrier
_avolumen
_bnc
500 _aExposición Universal París-1889
590 _aInventariado, 2024/DG
910 _aDG
942 _2ddc
_cLBS1
999 _c29808
_d29808